000 00697nmm a2200265 a 4500
003 AR-BaBNM
005 20251128211732.0
008 286020s2006 ||||||||||||||000 | spa||
020 _a950-16-3113-3
040 _cAR-BaBNM
100 1 _aSiccone, Frank
245 1 0 _aLos sentimientos en la educación
250 _a1ª ed.
260 _aBuenos Aires
_bTroquel
_c2006
300 0 _a172 p.
504 _aContiene referencias bibliográficas
650 4 _aSENTIMIENTOS
650 4 _aJUEGOS EDUCATIVOS
650 4 _aACTIVIDADES DE APRENDIZAJE
653 0 _aEDUCACION EN VALORES
653 0 _aESTRATEGIAS DIDACTICAS
700 1 _aLópez, Lilia
942 _cBK
998 _cme-solo cat
999 _c20890
_d20890